书目信息 |
| 题名: |
煤矿实用地质
|
|
| 作者: | 张德栋 , 陈继福 编 | |
| 分册: | ||
| 出版信息: | 北京 化学工业出版社 2007.08 |
|
| 页数: | 261页 | |
| 开本: | 26cm | |
| 丛书名: | 综合机械化采煤系列 | |
| 单 册: | ||
| 中图分类: | P618.110.2 | |
| 科图分类: | ||
| 主题词: | 煤田地质--mei tian di zhi--高等学校--技术学校--教材 | |
| 电子资源: | ||
| ISBN: | 978-7-5025-9666-8 | |
| 000 | 01040nam 2200289 450 | |
| 001 | 012007668500 | |
| 005 | 20071226120858.51 | |
| 010 | @a978-7-5025-9666-8@dCNY27.00 | |
| 100 | @a20071226d2007 km y0chiy0120 ea | |
| 101 | 0 | @achi |
| 102 | @aCN@b110000 | |
| 105 | @aa a 000yy | |
| 106 | @ar | |
| 200 | 1 | @a煤矿实用地质@Amei kuang shi yong di zhi@f张德栋, 陈继福编@Fzhang de dong,chen ji fu bian |
| 210 | @a北京@c化学工业出版社@d2007.08 | |
| 215 | @a261页@c图@d26cm | |
| 225 | 2 | @a综合机械化采煤系列@Azong he ji xie hua cai mei xi lie |
| 300 | @a高职高专“十一五”规划教材 | |
| 320 | @a有书目 (第261页)。 | |
| 330 | @a本素主要内容包括:地球概述,地壳的组成成分,地质作用与矿产形成,地史知识,煤矿常见的主要地质构造,煤与煤层及煤系等。 | |
| 410 | 0 | @12001 @a综合机械化采煤系列 |
| 606 | 0 | @a煤田地质@Amei tian di zhi@x高等学校@x技术学校@j教材 |
| 690 | @aP618.110.2@v4 | |
| 701 | 0 | @a张德栋@Azhang de dong@4编 |
| 701 | 0 | @a陈继福@Achen ji fu@4编 |
| 801 | 0 | @aCN@bQSSK@c20071226 |
| 905 | @b271711-12@dP618.110.2@eZ090@f2 | |
| 煤矿实用地质/张德栋, 陈继福编.-北京:化学工业出版社,2007.08 |
| 261页:图;26cm.-(综合机械化采煤系列) |
| 高职高专“十一五”规划教材 |
| ISBN 978-7-5025-9666-8:CNY27.00 |
| 本素主要内容包括:地球概述,地壳的组成成分,地质作用与矿产形成,地史知识,煤矿常见的主要地质构造,煤与煤层及煤系等。 |
| ● |
| 相关链接 |
|
|
|
正题名:煤矿实用地质
索取号:P618.110.2/Z090
 
预约/预借
| 序号 | 登录号 | 条形码 | 馆藏地/架位号 | 状态 | 备注 |
| 1 | 271711 | 202717113 | 期刊室512/401自科库 125排1列6层/ [索取号:P618.110.2/Z090] | 在馆 | |
| 2 | 271712 | 202717122 | 自科库401/401自科库 130排2列2层/ [索取号:P618.110.2/Z090] | 在馆 |